[Event "ROM-ch U08 Girls"]
[Site "Calimanesti"]
[Date "2014.04.11"]
[Round "7"]
[White "Raducu, Ioana"]
[Black "Spiridon, Anisia"]
[Result "0-1"]
[WhiteElo "1001"]
[BlackElo "1001"]
[PlyCount "72"]
[EventDate "2014.04.06"]
[EventType "swiss"]
[EventRounds "9"]
[EventCountry "ROU"]
[SourceTitle "CBM 160 Extra"]
[Source "ChessBase"]
[SourceDate "2014.07.01"]
[SourceVersion "1"]
[SourceVersionDate "2014.07.01"]
[SourceQuality "1"]

1. d4 g6 2. e4 Bg7 3. Nf3 d5 4. Nc3 Bg4 5. Be2 Bxf3 6. Bxf3 Nf6 7. Bg5 Nbd7 8. Bxf6 Nxf6 9. Nxd5 Nxd5 10. exd5 0-0 11. 0-0 e5 12. dxe5 Bxe5 13. Rb1 c5 14. c4 Qf6 15. Qc2 Qf4 16. g3 Qxf3 17. Qd1 Qxd1 18. Rfxd1 a6 19. b4 cxb4 20. Rxb4 Rab8 21. Rb6 Rfd8 22. f4 Bc3 23. Rc1 Bd4+ 24. Kf1 Bxb6 25. Rb1 Bc5 26. g4 b5 27. cxb5 axb5 28. Ke2 Re8+ 29. Kd3 Re3+ 30. Kd2 Rh3 31. Rh1 Bb4+ 32. Kc2 Rc8+ 33. Kb2 Ba3+ 34. Kb1 Rhc3 35. d6 Rc1+ 36. Rxc1 Rxc1# 0-1

[Event "ROM-ch U08 Girls"]
[Site "Calimanesti"]
[Date "2014.04.06"]
[Round "1"]
[White "Raducu, Ioana"]
[Black "Csurka, Noemi"]
[Result "1-0"]
[WhiteElo "1001"]
[BlackElo "1007"]
[PlyCount "61"]
[EventDate "2014.04.06"]
[EventType "swiss"]
[EventRounds "9"]
[EventCountry "ROU"]
[SourceTitle "CBM 160 Extra"]
[Source "ChessBase"]
[SourceDate "2014.07.01"]
[SourceVersion "1"]
[SourceVersionDate "2014.07.01"]
[SourceQuality "1"]

1. d4 d5 2. c4 Nf6 3. cxd5 Nxd5 4. e4 Nb4 5. Bb5+ c6 6. Bc4 b5 7. Bb3 Nd7 8. Qd2 Na6 9. Nc3 e6 10. d5 cxd5 11. exd5 exd5 12. Nxd5 Ndc5 13. Nf3 Nxb3 14. axb3 Bc5 15. 0-0 0-0 16. Qg5 Qxg5 17. Bxg5 Bg4 18. Ne5 Be2 19. Rfe1 Bh5 20. Be7 Rfc8 21. Re4 Nc7 22. Nxc7 Rxc7 23. Bxc5 Rxc5 24. Nd3 Rd5 25. Nf4 Bg4 26. Nxd5 Bf5 27. Ne7+ Kf8 28. Nxf5 Rc8 29. Re7 Rc2 30. Rexa7 g6 31. Ra8+ 1-0